000 00339nam a2200133Ia 4500
008 240624s9999 xx 000 0 und d
041 _aeng
082 _a828 ABB
100 _aABBAS HASSAN
245 _aPAKISTAN S NUCLEAR BOMB A STORY OF DEFIA
260 _c2018
_aNew Delhi
_bPenguin
300 _ax, 341 p.; 23 cm.
365 _cRS
_b28.5
999 _c30325
_d30325